000 00605nam a2200217Ia 4500
003 OSt
005 20230425143133.0
008 210423s2003 xx 000 0 und d
020 _a8172333137
040 _cAL
041 _aeng
082 _a615.53 MAHJ
100 _aMAHESHWARI (J K),Ed.
_992657
245 _aEthnobotany and medicinal plants of Indian subcontinent.
260 _aJodhpur
_bScientific Publishers
_c2003
300 _axi,672
_bHB
365 _b1800
_cINR
650 _aPharmacology
_992658
906 _aEthnobotany ; indian ; medicinal ; plants ; subcontinent
942 _2ddc
_cBK
999 _c162639
_d162639